000 00563nam a2200205Ia 4500
005 20250923144908.0
008 008 250917s9999 xx 000 0 eng d
037 _aTextual
040 _aDSWL
_beng
_cDSWL
041 _aeng
_2eng
084 _aQ7z7, K3
_qDSWL
100 _aFyzee, Asaf A.A.
_9829529
245 2 _aA modern approach to Islam
_cby Asaf A.A. Fyzee
260 _aBombay
_bAsia Publishing House
_c1963
300 _a127p.
365 _aINR
_b16
925 _g16
942 _cTEXL
_hQ7z7, K3
999 _c1444692
_d1444692